| 000 | 00399nam a2200133Ia 4500 | ||
|---|---|---|---|
| 008 | 211122s9999||||xx |||||||||||||| ||und|| | ||
| 082 |
_a330.1 _bPON-G |
||
| 100 | _aPonnoly, Joseph | ||
| 245 | 0 | _aGateway To The Quantum Age:Managing Disruptive Technologies In | |
| 260 |
_bCinfodens Consulting _aHouston |
||
| 630 | _xGeneral Stack | ||
| 650 |
_aGeneralia _vSOCIAL SCIENCEECONOMICS |
||
| 942 | _cBOOK | ||
| 999 |
_c126263 _d126263 |
||